000 00616nam a2200229 i 4500
999 _c5153
_d5153
001 2217657
003 GBCCL
005 20241126110534.0
008 760922s1976 tnu 000 0 eng
010 _a 75039141
020 _a0805451422
040 _aDLC
_cDLC
_dDLC
050 0 0 _aBV4832.2
_b.F36
082 0 0 _a242
_bFAN
100 1 _aFancher, 'Wilda.
_99286
245 1 0 _aI have heard the rainbow /
_c'Wilda Fancher.
260 _aNashville :
_bBroadman Press,
_cc1976.
300 _a128 p. ;
_c20 cm.
650 0 _aMeditations.
_91412
906 _a7
_bcbc
_corignew
_d2
_eocip
_f19
_gy-gencatlg
942 _2ddc
_cBK